000 00685nam a2200265Ia 4500
005 20260302114104.0
008 008 260114s9999 xx 000 0 eng d
020 _a9781350213067
037 _aTextbook
040 _aCRL
040 _beng
040 _cCRL
041 _2eng
041 _aeng
084 _qCRL
100 _aJeffrey Petts
_91117724
245 0 _aAesthetics and Design The Value of Everyday Living
260 _bBloomsbury
260 _bBloomsbury Academic
260 _c2023
650 _aPhilosophy
856 _uhttps://doi.org/10.5040/9781350213067?locatt=label:secondary_bloomsburyCollections
942 _cEBOOK
999 _c1681301
_d1681301